000 003370000a22001450004500
003 MACL
040 _aMACL
090 _c33005
_d33003
100 _aHipson, Peter D
245 _aExpert Guide To Windows Nt 4 Registry
260 _bBP B Publications
_c1999
350 _a399
650 _aComputer probraming
942 _cBOOK
_k005/ 368
999 _c32668
_d32668